|
|
|
|
| LEADER |
01077nam a2200277 a 4500 |
| 001 |
c000166288 |
| 003 |
CARM |
| 005 |
20030611145902.0 |
| 008 |
930420s1993 vraa 000 0 eng d |
| 019 |
1 |
|
|a 9972898
|5 LACONCORD2021
|
| 020 |
|
|
|a 1875750045 (pbk.) :
|c $10.00
|
| 020 |
|
|
|a 1875750053 (spiral binding) :
|c $14.00
|
| 035 |
|
|
|a (OCoLC)38321450
|5 LACONCORD2021
|
| 040 |
|
|
|a ANB
|b eng
|c ANB
|d VGX
|
| 042 |
|
|
|a anuc
|
| 082 |
0 |
4 |
|a 005.4469
|2 20
|
| 100 |
1 |
|
|a Woolf, Gordon,
|d 1941-
|
| 245 |
1 |
4 |
|a The manager's guide to DOS :
|b a short guide for those who have to use computers and are too busy to read more /
|c Gordon Woolf.
|
| 260 |
|
|
|a Wangaratta, Vic. :
|b Worsley Press,
|c 1993.
|
| 300 |
|
|
|a 28 p. :
|b ill. ;
|c 30 cm.
|
| 630 |
0 |
0 |
|a MS-DOS (Computer file)
|
| 630 |
0 |
0 |
|a PC-DOS (Computer file)
|
| 650 |
|
0 |
|a Operating systems (Computers)
|
| 852 |
8 |
|
|b CARM
|h A2:AR17C0
|i D06509
|p 0230025
|f BK
|
| 999 |
f |
f |
|i 6a89021d-26b5-532e-80f9-4fa1f041905c
|s eb960214-d791-5c5b-adce-24c122c77afa
|
| 952 |
f |
f |
|p Can circulate
|a CAVAL
|b CAVAL
|c CAVAL
|d CARM 1 Store
|e D06509
|f A2:AR17C0
|h Other scheme
|i book
|m 0230025
|